Innovation Activity and Enterprises' Size
Uložené v:
| Hlavný autor: | |
|---|---|
| Ďalší autori: | , |
| Médium: | Kapitola |
| Jazyk: | English |
| Tagy: |
Žiadne tagy, Buďte prvý, kto otaguje tento záznam!
|
MARC
| LEADER | 00000nla a2200000 4500 | ||
|---|---|---|---|
| 001 | 0186391 | ||
| 005 | 20240502083438.8 | ||
| 041 | 0 | |a eng | |
| 044 | |a CZ | ||
| 245 | 1 | 0 | |a Innovation Activity and Enterprises' Size |c Aneta Bobenič Hintošová, Michaela Bruothová, Lucia Demjanová |
| 500 | |a Abstrakt | ||
| 100 | 1 | |a Bobenič Hintošová, Aneta, 1979- | |
| 700 | 1 | |a Bruothová, Michaela, 1979- | |
| 700 | 1 | |a Demjanová, Lucia, 1981- | |